01486 a2200217 4500020001500000020001800015082001100033090001500044100002500059245005700084250001200141260004500153300002100198500001500219520072300234856008200957856008701039942002401126999001901150952009901169 a0761927093 a978076192709904a338.43 c3506d35061 aSeidman, Mr. Karl F.10aEconomic development finance /cMr. Karl F. Seidman. a1st ed. a[S.l.] :bSage Publications, Inc,c2004. a520 p. ;c26 cm. aHardcover. aEconomic Development Finance is a comprehensive and in-depth presentation of private, public, and community financial institutions, policies and methods for financing local and regional economic development projects. The treatment of policies and program models emphasizes their applications and impact, key design and management issues, and best practices. A separate section addresses critical management issues for development finance programs: program and product design, the lending and investment process, and capital management. Case studies are included throughout the book to help readers develop their skills and apply policies and tools to real practice issues. A glossary of finance terms is also included.403Amazon.comuhttp://www.amazon.com/exec/obidos/ASIN/0761927093/chopaconline-20403Amazon customer reviewsuhttp://www.chopac.org/cgi-bin/tools/azrev.pl?q=0761927093 aNBScBKk338.43 SEI c345982d345982 00104070aCLbCLd2013-08-28l1o338.43 SEIpNBS6463r2017-11-22s2017-08-09w2013-08-28yBK